Текст томруулах:    
The design of cost management systems (Бичлэгийн дугаар. 146032)
000 -УДИРДЛАГА
Удирдлага 00995nam a22002897a 4500
003 - ХЯНАЛТЫН ТОО ТОДОРХОЙЛОГЧ
Код MN-UlNUM
005 - БИЧИЛТ ХИЙСЭН ОГНОО
Тухайн бичилтийг бичсэн засварласан сүүлийн огноо 20251230162844.0
008 - ЕРӨНХИЙ МЭДЭЭЛЭЛ
Ерөнхий мэдээлэл 251230s1991 njuab||| |||| 00| 0 eng |
020 ## - ISBN
ISBN 0132041243
040 ## - БИЧЛЭГ ҮҮСГЭГЧ БАЙГУУЛЛАГА
Бичлэг үүсгэгч номын сангийн код МУИС-ийн номын сан
084 ## - ББК АНГИЛАЛ
Нэмэлт тусгалт Гарын авлага
ББК ангилал 65.290-2
Зохиогчийн гурван тэмдэгт C 77
Мэдлэгийн ялгаа 65 - Эдийн засаг
100 1# - ЗОХИОГЧ
Зохиогчийн нэр Cooper, Robin,
Зохиогчийн огноо 1951-
245 14 - ҮНДСЭН ГАРЧИГ
Номын нэр The design of cost management systems
Бага гарчгийн мэдээ Text, cases, and readings
Оролцогчдын тухай мэдээ Robin Cooper, Robert S. Kaplan.
260 ## - ГАРАЛТЫН МЭДЭЭ
Хэвлэгдсэн газар Englewood Cliffs, NJ :
Хэвлэлийн газар Prentice Hall,
Хэвлэгдсэн он 1991.
300 ## - МАТЕРИАЛЫН ТОДОРХОЙЛОЛТ
хуудасны тоо xii, 580 p. :
Бусад тоон мэдээлэл ill. ;
Хэмжээ 27 cm.
500 ## - Тайлбар
Дансны дугаар БС 4780
546 ## - ХЭЛНИЙ ТУХАЙ МЭДЭЭ
Хэл Англи хэл дээр,
653 ## - Түлхүүр үг
Түлхүүр үг managerial accounting
700 1# - ХАМ ЗОХИОГЧИД
Ба бус Kaplan, Robert S.
740 ## - НОМЫН ГАРЧИГ
Гарчиг Introduction to cost systems
740 ## - НОМЫН ГАРЧИГ
Гарчиг The two-stage process: resources, cost centers, and products
740 ## - НОМЫН ГАРЧИГ
Гарчиг Assigning the expenses of capacity resources
740 ## - НОМЫН ГАРЧИГ
Гарчиг Systems for operational control and performance measurement
942 ## - ЭЛЕМЕНТИЙН ТӨРӨЛ
Зүйлийн төрөл Ном